| 000 | 00430pab a2200133 454500 | ||
|---|---|---|---|
| 008 | 180718b1988 xxu||||| |||| 00| 0 eng d | ||
| 100 | _aWakely, Patrick | ||
| 245 |
_aThe development of housing through the withdrawal from construction _bChanges in Third World housing policies and programmes |
||
| 260 | _c1988 | ||
| 300 | _a121-31 | ||
| 650 | _aHousing - Underdeveloped Areas | ||
| 773 | _aHabitat International | ||
| 909 | _a10180 | ||
| 999 |
_c10180 _d10180 |
||